000 00697cam a2200241 a 4500
001 4259828
005 20180312051722.0
008 840921s1985 ilua b s000 0 eng
010 _a 84016323
020 _a0252012097 (alk. paper)
020 _z0252012186 (pbk. : alk. paper)
040 _aDLC
_cDLC
_dDLC
041 _aeng
043 _an-us---
080 _a305.230973 HIN
082 0 0 _a305.230973 HIN
_219
100 _a16
101 _aHIS
245 0 0 _aGrowing up in America :
_cedited by N. Ray Hiner and Joseph M. Hawes.
504 _aIncludes bibliographies.
906 _a7
_bcbc
_corignew
_d1
_eocip
_f19
_gy-gencatlg
942 _2ddc
_cBK
999 _c44689
_d44689